Hunger Games - Quiz sur Haymitch - Statistiques

Statistiques générales
  • Ce quiz a été pris 234 fois
    30 depuis la dernière actualisation
  • Le résultat moyen est 16 sur 28
Statistiques - réponses
Hint Réponse % Correct
Personnage District d'origine District 12
100%
Autres A quoi est-il addict ? L'alcool
96%
Les Hunger Games A quelle édition des Hunger Games est-il moissonné mais ne participe pas ? 75e Hunger Games
93%
Les Hunger Games A quelle édition des Hunger Games a-il participé ? 50e Hunger Games
89%
Personnage Couleur de ses cheveux Blond
89%
Les livres Titre du livre qui lui est dédié Hunger Games : Lever de soleil sur la moisson
89%
Personnage Couleur de ses yeux Bleu
85%
Autres Événement qui se produit le jour de son anniversaire La Moisson
81%
Personnage Nom complet Haymitch Abernathy
74%
Les Hunger Games Nom de ses Hunger Games spéciaux Jeux de l'Expiation
74%
Les Hunger Games Son métier après sa victoire Mentor
70%
Relations Prénom du tribut féminin qu'il coach lors des 74e Hunger Games Katniss Everdeen
63%
Relations Prénom du tribut masculin qu'il coach lors des 74e Hunger Games Peeta Mellark
63%
Autres Où vit-il après sa victoire des Hunger Games ? Au village des vainqueurs
56%
Relations Prénom de sa partenaire de district lors de ses Hunger Games Maysilee Donner
56%
Personnage Date de naissance 4 juillet
48%
Relations Prénom de sa partenaire de district lors de ses Hunger Games Louella McCoy
48%
Relations Allié à l'intérieur du Capitole Plutarch Heavensbee
48%
Relations Prénom de sa petite-ami Lenore Dove
44%
Relations Prénom de son partenaire de district lors de ses Hunger Games Wyatt Callow
44%
Relations Prénom de son meilleur ami Burdock Everdeen
41%
Relations Prénom de son frère Sid
37%
Les films Acteur dans "Lever de Soleil sur la Moisson" Joseph Zada
26%
Relations Prénom du tribut masculin qu'Haymitch remplace lors de ses Hunger Games Woodbine
26%
Les films Acteur dans la saga principale Woody Harrelson
26%
Relations Prénom de sa mère Willamae Abernathy
4%
Les Hunger Games Victime masculin du District 4 d'Haymitch lors de ses Hunger Games Angler
0%
Les Hunger Games Victime féminine du District 4 d'Haymitch lors de ses Hunger Games Barba
0%
Aucun quiz correspondant
Distribution des résultats
% des personnes avec chaque résultat
Percentile par nombre de réponses
Votre historique - résultats
Vous n’avez pas pris ce quiz depuis la dernière actualisation